000 00468nam a2200169 a 4500
001 000036597
005 20200930075823.0
008 120123s1980 mx 000 0 spa d
020 _a9682402999
040 _aDO-SdBNP
_bspa
_cBNPHU
100 1 _aYates, Aubrey J.
_962873
240 1 0 _aBehavior terapy
_lEspañol
245 1 0 _aTerapia del comportamiento /
_cAubrey J. Yates.
260 _aMéxico :
_bTrillas,
_c1980.
300 _a499 p. ;
_c25 cm.
500 _aInglés
999 _c36088
_d36088